000 01254nam a2200313 i 4500
003 DO-SdBNP
005 20240604183308.0
007 ta
008 220125b2021 ||||| |||| 00| 0 spa d
020 _a9789945629057
040 _aDO-SdBNP
_bspa
_cBNPHU
_erda
082 4 _a467.97293
_bN972d
_222
100 _aNúñez Cedeño, Rafael A.,
_981002
_eautor
245 1 0 _aDesarrollos y procesos lingüísticos en el español dominicano /
_cRafael A. Núñez Cedeño
264 4 _aSanto Domingo :
_bBanco Central de la República Dominicana,
_c2021.
300 _a340 páginas ;
_c24 cm.
336 _2rdacontent
_atexto
_btxt
337 _2rdamedia
_asin mediación
_bn
338 _2rdacarrier
_avolumen
_bnc
490 _aBanco Central de la República Dominicana ;
_v284
490 _aCiencias sociales
_v43
504 _aBibliografía : p. 297-317
505 _aIntroducción --
_tDesarrollo de sonidos --
_tProcesos gramaticales del español popular dominicano --
_tBibliografía --
_tíndice de temas --
_tColección del Banco Central de la República Dominicana .
590 _aInventariado, 2023/BT
650 4 _aDominicanismos
_xEspañol
_981003
650 4 _aDominicanismos
_xAnálisis lingüísticos
_981004
910 _aDG
942 _2ddc
_cLBS1
999 _c51215
_d51215